00203nam a2200073Ia 4500008004100000082001600041100002600057245004600083240331s9999 xx 000 0 und d a025.49bISI aIsis Internationa. ed 0aList of descriptors on the theme of women